000 00443nam a2200181Ia 4500
001 1122
005 20260306140608.0
008 260306t1993||||xx |||||||||||||| ||spa||
041 _aESP
082 _a183.2
_bJ39
100 _aJenofonte, 430-355 a.C.
_eAUT
245 0 _aRecuerdos de Sócrates:
_bbanquete / apología
260 _c1993
300 _a537 páginas :
_c21 cm.
650 _aGEN
654 _aCHU
942 _cLIB
_dJUS
_fJUS
_2ddc
_n
999 _c1122
_d1122